000 00528nam a22002177a 4500
003 UA-OsUOA
001 57689
007 ta
008 20081230b un ||||| |||| 00| 0 ukr d
090 _a75.051
_bВ68
942 _cBK
040 _aUA-OsUOA
_bukr
_cUA-OsUOA
_dUA-OsUOA
245 _aВолодимир Семиноженко: сучасний живопис
_cВ. Карасьов
300 _a80 с.
955 _a3
041 _aukr
080 _a75.051
260 _aК.
_c2000
650 7 _2UDC
999 _c343776
_d343776